000 00467nam a22001577a 4500
005 20251108164335.0
008 250721s1948 xx 000 0 ara d
082 1 4 _a922/شاف
100 1 _aأبو زهرة، محمد
245 1 0 _aالشافعي :
_bحياته و عصره - آراؤه و فقهه /
264 1 _aالقاهرة :
_bدار الفكر العربية،
_c1948.
300 _a388 ص
650 1 7 _aالتراجم
942 _2ddc
_cBK
999 _c9743
_d9743